Pediatria primárnej starostlivosti

Bibliographic Details
Main Authors: Horanský, Viktor, 1925-1994 (Author), Mojžiš, Roman (Author), Slafkovský, Alexander, 1950- (Author)
Format: Book
Language:Slovak
PhysicalDescription:405 s. Fotogr., sch., tab., lit. 16 zázn. v češ. a slov. 24 cm
Published: Liptovský Mikuláš TeLeM 1994
ISBN:8090140432
Subjects:

MARC

LEADER 00000nam a2200000 a 4500
001 vtls001076697
003 SK-MaSNL
005 20260301232919.0
008 250414s1994 xo 0 slo
015 |a SNBA1994/11 
020 |a 8090140432 
035 |a SNK000019530 
040 |a SNK  |b slo  |c SNK  |e AACR2 
041 0 |a slo 
044 |a xo  |c SK 
080 |a 616-053.2  |2 1981 
100 1 |a Horanský, Viktor,  |d 1925-1994  |4 aut  |9 233964 
245 1 0 |a Pediatria primárnej starostlivosti  |c Viktor Horanský, Roman Mojžiš, Alexander Slafkovský 
260 |a Liptovský Mikuláš  |b TeLeM  |c 1994 
300 |a 405 s.  |b Fotogr., sch., tab., lit. 16 zázn. v češ. a slov.  |c 24 cm 
655 7 |a odborné publikácie  |2 SNK  |9 60423 
700 1 |a Mojžiš, Roman  |4 aut  |9 627068 
700 1 |a Slafkovský, Alexander,  |d 1950-  |4 aut 
852 |a Slovenská národná knižnica 
919 |a 80-901404-3-2 
954 |a pediatria 
954 |a pediatria 
958 |a TL 
958 |a NB 
999 |c 963539  |d 965469 
952 |t P60, <04>, [BOOK], {604}  |a SNK  |b SNK  |y VYP  |7 0  |p 17A0095096  |o snkSC 86860 D1  |0 0  |1 0  |4 0  |d 1997-09-19  |l 0  |r 2004-12-31 00:00:00  |w 2026-02-24